Glee 1st season trivia - Statistics

General Stats
  • This quiz has been taken 909 times
    908 since last reset
  • The average score is 9 of 13
Answer Stats
Hint Answer % Correct
Who is Pregnant Quinn Fabray
100%
Who is the father Noah Puckerman
98%
What gender is the baby Girl
97%
What is the babys name Beth
95%
name one of the cheerleaders Quinn/Santana/Brittany
84%
name one of the original members of the club Rachel/Tina/Mercedes/Artie/Kurt
83%
name one of the jocks Finn/Puck/Mike/Matt
77%
who plays Rachel Lea Michele
67%
what song did Kurt sing for his audition Mr Cellophane
54%
who plays Quinn Dianna Agron
53%
what club is Quinn the captain of Celibacy Club
26%
what song did Mr Shue cry to while sitting in his car Don't Stop Believing
24%
What song does the football team dance to Ring on it
7%
No matching quizzes found
Score Distribution
Percent of People with Each Score
Percentile by Number Answered
Your Score History
You have not taken this quiz since the last reset